00565 a2200145 4500952012700000999001500127020001800142050001800160245011600178264004300294300001200337500001900349650002400368942002700392 001040708NFICaCCLbCCLcGENd2021-03-16l5olc2808INC2016p028254r2025-02-26 14:15:48s2025-02-07tC1w2021-03-16yBK c4554d4554 a9780199078486 aLC2808INC2016 aInclusive education:an african persective /bAn African perspectine /cedited by Nareadi Phasha and Janet condy aSouth Africa:bUniversiy press,cc2016 a331p. : aincludes index ainclusive education 2lcccBKh2808iINCkLC